Statystyki dla Europejskie miasta przyszłości.

Kliknij tutaj aby rozwiązać quiz!

Ogólne statystyki

  • Ten quiz został rozwiązany 10 razy
  • Średni wynik to 5 z 10

Statystyki odpowiedzi

#MiastoPaństwo% Poprawnych
1WrocławPolska
100%
3WilnoLitwa
80%
6BratysławaSłowacja
70%
9GdańskPolska
70%
10TallinnEstonia
60%
2ZurychSzwajcaria
60%
5BelfastWielka Brytania
30%
4EdynburgWielka Brytania
30%
8BristolWielka Brytania
10%
7UtrechtHolandia
10%

Rozkład punktacji

Percentyl według liczby udzielonych odpowiedzi

Procent ludzi z każdym wynikiem

Twoja historia wyników

Nie rozwiązałeś tego quizu